| 000 | 00757nam a2200217 a 4500 | ||
|---|---|---|---|
| 001 | 000004858 | ||
| 005 | 20200929151524.0 | ||
| 008 | 780222s1977 pr a 001 p spa | ||
| 040 |
_aDO-SdBNP _bspa _cBNPHU |
||
| 082 |
_aPR861.44 _bA776c |
||
| 100 | 1 |
_aArrillaga, María, _d1940- _914084 |
|
| 245 | 1 | 0 |
_aCascada de sol / _cMaría Arrillaga ; trabajos de arte de Marianne Santaella. |
| 260 |
_aSan Juan, Puerto Rico : _bInstituto de Cultura Puertorriqueña, _c1977. |
||
| 300 |
_a92 p. : _bil. ; _c18 cm. |
||
| 490 | 1 | _aLiteratura hoy | |
| 650 | 4 |
_aPoesía puertorriquena _91015 |
|
| 650 | 4 |
_aLiteratura puertorriqueña _9250 |
|
| 700 | 1 | 2 |
_aSantaella, Marianne, _eil. _914085 |
| 830 | 0 |
_aLiteratura hoy _914086 |
|
| 910 | _aValidado. Control de calidad MMOLINA | ||
| 999 |
_c4664 _d4664 |
||